Ideologies and Social Work: Historical and Contemporary Analyses (Record no. 229492)
[ view plain ]
| 000 -LEADER | |
|---|---|
| fixed length control field | 02247nam a22002297a 4500 |
| 005 - DATE AND TIME OF LATEST TRANSACTION | |
| control field | 20231213132057.0 |
| 008 - FIXED-LENGTH DATA ELEMENTS--GENERAL INFORMATION | |
| fixed length control field | 231213b ||||| |||| 00| 0 eng d |
| 020 ## - INTERNATIONAL STANDARD BOOK NUMBER | |
| International Standard Book Number | 9788170337362 |
| 040 ## - CATALOGING SOURCE | |
| Transcribing agency | AL |
| 041 ## - LANGUAGE CODE | |
| Language code of text/sound track or separate title | English |
| 082 ## - DEWEY DECIMAL CLASSIFICATION NUMBER | |
| Edition number | 23 |
| Classification number | 361.3 |
| Item number | DESI |
| 100 ## - MAIN ENTRY--PERSONAL NAME | |
| Personal name | Murli Desai |
| 100 ## - MAIN ENTRY--PERSONAL NAME | |
| 9 (RLIN) | 145802 |
| 245 ## - TITLE STATEMENT | |
| Title | Ideologies and Social Work: Historical and Contemporary Analyses |
| 260 ## - PUBLICATION, DISTRIBUTION, ETC. | |
| Place of publication, distribution, etc. | Jaipur |
| Name of publisher, distributor, etc. | Rawat Publications |
| Date of publication, distribution, etc. | 2020 |
| 300 ## - PHYSICAL DESCRIPTION | |
| Extent | 235 p. |
| Other physical details | HB |
| Dimensions | 22.5x14 cm. |
| 365 ## - TRADE PRICE | |
| Price type code | 6672 |
| Price amount | ₹716.00 |
| Currency code | ₹ |
| Unit of pricing | ₹895.00 |
| Price note | 20% |
| Price effective from | 11-12-2023 |
| 520 ## - SUMMARY, ETC. | |
| Summary, etc. | This book on Ideologies and Social Work: Historical and Contemporary Analyses is an attempt to add the much needed literature on the core social work subject of history and philosophy of social work. Social work education requires knowledge-as-action, knowledge that is contextualised culturally and historically and is shaped by the interaction between students and teachers. This course aims at introducing the students to a critical inquiry into the history of ideologies for social change and professional social work. It is the history of ideologies that helps us understand the roots of the contemporary reality, including the roots of social work profession. The social work approaches also can be understood better with reference to the ideologies that influence them.<br/>Besides the introductory chapter on conceptual framework and curriculum planning, the book is divided into six curriculum modules. These modules are arranged to undertake a critical inquiry into the Western history of ideologies before the Indian history of ideologies, as the former has influenced the latter since the modern age. Similarly, the history of ideologies of social change is examined before the history of ideologies of social work profession as the latter developed in the context of the former. The contemporary ideologies for social change and social work are then discussed in the context of globalisation. The methodology of education that is suggested aims at exploring and understanding one’s own set of beliefs, based on one’s socialisation. |
| 650 ## - SUBJECT ADDED ENTRY--TOPICAL TERM | |
| Topical term or geographic name entry element | Social work education--India |
| 9 (RLIN) | 145803 |
| 650 ## - SUBJECT ADDED ENTRY--TOPICAL TERM | |
| Topical term or geographic name entry element | Social Problems and Services |
| 9 (RLIN) | 145804 |
| 700 ## - ADDED ENTRY--PERSONAL NAME | |
| Personal name | DESAI (Murli) |
| 9 (RLIN) | 145805 |
| 942 ## - ADDED ENTRY ELEMENTS (KOHA) | |
| Source of classification or shelving scheme | Dewey Decimal Classification |
| Koha item type | Book |
| Withdrawn status | Lost status | Source of classification or shelving scheme | Damaged status | Not for loan | Collection code | Home library | Current library | Date acquired | Source of acquisition | Cost, normal purchase price | Total Checkouts | Full call number | Barcode | Date last seen | Date last checked out | Cost, replacement price | Koha item type | Price effective from |
|---|---|---|---|---|---|---|---|---|---|---|---|---|---|---|---|---|---|---|
| Dewey Decimal Classification | Social Work | St Aloysius Library | St Aloysius Library | 12/13/2023 | Biblios Book Point Surathkal Mangalore 575014 | 716.00 | 1 | 361.3 DESI | 077001 | 10/30/2024 | 10/09/2024 | 895.00 | Book | |||||
| Dewey Decimal Classification | Social Work | St Aloysius Library | St Aloysius Library | 12/13/2023 | Biblios Book Point Surathkal Mangalore 575014 | 716.00 | 361.3 DESI | 077002 | 12/13/2023 | 895.00 | Book | 12/13/2023 |